000
00241nam a22000857a 4500
008
170601b xxu||||| |||| 00| 0 eng d
100
_9
3207
_a
Kumar. A
245
_a
Inspiring Stories from Pan-Chakantra
260
_a
New Delhi
_b
Manoj Publication
_c
2005
999
_c
6520
_d
6520